| 000 | 00773nam a2200241 i 4500 | ||
|---|---|---|---|
| 001 | 120810 | ||
| 003 | ES-MaACL | ||
| 005 | 20250815064455.0 | ||
| 007 | t| | ||
| 008 | 070214s1957 sp r ||||1| spa d | ||
| 100 | 1 |
_aPolo, Marco, _d1254-1324 _992864 |
|
| 245 | 1 | 0 |
_aViajes _b: `Il milione` / _cMarco Polo ; traducción del italiano, prólogo y notas de Rosario Bláquez Augier. |
| 260 |
_aBarcelona : _bIberia, _c1957. |
||
| 300 |
_a239 p. ; _c19 cm. |
||
| 490 | 1 | _aObras maestras | |
| 651 | 4 |
_aAsia- _xDescripción- _yS.XIII _97825 |
|
| 651 | 4 |
_aAsia- _xDescripción- _yS.XIV _97826 |
|
| 700 | 1 |
_aBláquez Augier, Rosario. _929335 |
|
| 830 | 0 |
_aObras maestras _9181001 |
|
| 852 |
_aES-MaACL _jC-14807 _bR.42480 |
||
| 942 | _2udc | ||
| 999 |
_c120810 _d120810 |
||